LEADER 01003cam0 22002773 450 001 SOB009252 005 20230719090845.0 010 $a8814094586 100 $a20040211d2002 |||||ita|0103 ba 101 $aita 102 $aIT 200 1 $aDiritto tributario. Parte generale, Fonti, principi costituzionali, accertamento e ispezioni, sistema sanzionatorio, processo tributario$fBaldassarre Santamaria 205 $a3. ed 210 $aMilano$cGiuffrè$d2002 215 $aXIII, 555 p.$d24 cm 300 $aTit. delle ed. precedenti: Lineamenti di diritto tributario 700 1$aSantamaria$b, Baldassarre$3AF00003786$4070$0145267 801 0$aIT$bUNISOB$c20230719$gRICA 850 $aUNISOB 852 $aUNISOB$j340$m109490 912 $aSOB009252 940 $aM 102 Monografia moderna SBN 941 $aM 957 $a340$b003589$gSI$d109490$rACQUISTO$1rovito$2UNISOB$3UNISOB$420230719090832.0$520230719090845.0$6rovito 996 $aDiritto tributario. Parte generale$965060 997 $aUNISOB LEADER 02627oam 2200589I 450 001 9910957092003321 005 20231128173909.0 010 $a9781315153612 010 $a1315153610 010 $a9781498764520 010 $a1498764525 024 7 $a10.1201/9781315153612 035 $a(CKB)4100000005598923 035 $a(MiAaPQ)EBC5475494 035 $a(Au-PeEL)EBL5475494 035 $a(CaPaEBR)ebr11595486 035 $a(OCoLC)980332739 035 $a(FINmELB)ELB141975 035 $a(UkLoBP)BP9781315153612BVA 035 $a(EXLCZ)994100000005598923 100 $a20180706d2017 uy 0 101 0 $aeng 135 $aurcnu|||||||| 181 $ctxt$2rdacontent 182 $cc$2rdamedia 183 $acr$2rdacarrier 200 10$aHow to cheat in blender 2.7x /$fAlan Thorn 205 $aFirst edition. 210 1$aBoca Raton :$cCRC Press,$d2017. 210 2$aLondon :$cBloomsbury Publishing (UK),$d2023. 215 $a1 online resource (ix, 269 pages) 311 0 $a9781138628878 311 0 $a1138628875 327 $achapter 1 Interface Cheats -- chapter 2 Selections -- chapter 3 Modeling -- chapter 4 UV Mapping Cheats -- chapter 5 Texturing and Materials -- chapter 6 Rigging and Animation Cheats -- chapter 7 Rendering Cheats -- chapter 9 Game Development Cheats -- chapter 10 Interoperability. 330 3 $aBlender is a vast and customizable 3D-modeling application used by many artists across creative industries, from television to games. This newest book, in Alan Thorn?s How to Cheat series, offers insightful and bite-sized power-tips to help you develop Blender mastery. More than five hundred figures illustrate interesting shortcuts and clever ways to improve your Blender workflow. A companion website at http://www.alanthorn.net provides bonus content, including videos and resources to help sharpen your skills further. How to Cheat in Blender 2.7x is for Blender users of all levels, offering time-saving tips and powerful techniques to increase your productivity. 606 $aComputer games$xDesign 606 $aComputer games$xProgramming 606 $aVideo games$xDesign 606 $aGames development and programming 615 0$aComputer games$xDesign 615 0$aComputer games$xProgramming 615 0$aVideo games$xDesign 615 7$aGames development and programming 676 $a777.7 700 $aThorn$b Alan$cauthor,$0892446 712 02$aCRC Press. 801 0$bUkLoBP 801 1$bUkLoBP 906 $aBOOK 912 $a9910957092003321 996 $aHow to cheat in blender 2.7x$94344960 997 $aUNINA